Online
Catalog

Derecho de la información :. : (Record no. 48668)

MARC details
000 -CABECERA
campo de control de longitud fija 00749nam a2200205 a 4500
001 - NÚMERO DE CONTROL
campo de control 000049180
005 - FECHA Y HORA DE LA ÚLTIMA TRANSACCIÓN
campo de control 20250722094847.0
008 - DATOS DE LONGITUD FIJA--INFORMACIÓN GENERAL
campo de control de longitud fija 190725s2004 000 spa d
020 ## - NÚMERO INTERNACIONAL ESTÁNDAR DEL LIBRO
Número Internacional Estándar del Libro 9789945130867
040 ## - FUENTE DE LA CATALOGACIÓN
Centro catalogador/agencia de origen DO-SdBNP
Lengua de catalogación spa
Centro/agencia transcriptor BNPHU
082 ## - NÚMERO DE LA CLASIFICACIÓN DECIMAL DEWEY
Número de clasificación 323.445
Número de documento/Ítem R696d
100 ## - ENTRADA PRINCIPAL--NOMBRE DE PERSONA
Nombre de persona Rodríguez, Namphi
9 (RLIN) 17970
245 #0 - MENCIÓN DE TÍTULO
Título Derecho de la información :. :
Resto del título hacia un nuevo régimen jurídico de los medios de comunicación /
Mención de responsabilidad, etc. Namphi Rodríguez; pról. Rafael Molina Morillo.
260 ## - PUBLICACIÓN, DISTRIBUCIÓN, ETC.
Lugar de publicación, distribución, etc. Santo Domingo :
Nombre del editor, distribuidor, etc. Mediabyte,
Fecha de publicación, distribución, etc. 2004.
300 ## - DESCRIPCIÓN FÍSICA
Extensión 307 p. ;
Dimensiones 23 cm.
590 ## - NOTA LOCAL (RLIN)
Nota local Inventariado, 2019 / DG
650 #4 - PUNTO DE ACCESO ADICIONAL DE MATERIA--TÉRMINO DE MATERIA
Término de materia o nombre geográfico como elemento de entrada Derecho a la informacion
9 (RLIN) 17971
650 #0 - PUNTO DE ACCESO ADICIONAL DE MATERIA--TÉRMINO DE MATERIA
Término de materia o nombre geográfico como elemento de entrada Acceso a la información
9 (RLIN) 17972
700 12 - PUNTO DE ACCESO ADICIONAL--NOMBRE DE PERSONA
Nombre de persona Molina Morillo, Rafael,
Fechas asociadas al nombre 1930-1917
Término indicativo de función/relación pról.
9 (RLIN) 37
Holdings
Estado de retiro Estado de pérdida Restricciones de uso No para préstamo Código de colección Localización permanente Ubicación/localización actual Ubicación en estantería Fecha de adquisición Número de inventario Total de préstamos Signatura topográfica completa Código de barras Fecha visto por última vez Precio válido a partir de Tipo de ítem Koha
      Excluido de préstamo Monografías: Libros y Folletos Patrimonio Dominicano Patrimonio Dominicano Depósito 25.07.2019 LF1   323.445 R696d 49181-10 25.06.2020 25.06.2020 No se presta

Powered by Koha